000 00358 a2200169 4500
001 183954
020 _a85-262-4194-X
040 _cMagnum
100 _aBraga, Edson Rocha
240 1 0 _aOs lusíadas
_lpor
245 1 0 _aOs lusíadas
300 _a76
362 0 _a2005
440 1 _aScipione
697 _aLITERATURA JUVENIL ESTRANGEIRA
942 _cBK
999 _c183954
_d183954